[Event "POL-ch Rapid U18"]
[Site "Bydgoszcz"]
[Date "2023.08.30"]
[Round "7"]
[White "Karaszewski, Gabriel"]
[Black "Pieszko, Antoni"]
[Result "1-0"]
[WhiteElo "1560"]
[BlackElo "1247"]
[PlyCount "87"]
[EventDate "2023.08.28"]
[EventType "swiss"]
[EventRounds "11"]
[EventCountry "POL"]
[SourceTitle "EXT 2024"]
[Source "ChessBase"]
[SourceDate "2023.10.10"]
[SourceVersion "1"]
[SourceVersionDate "2023.10.10"]
[SourceQuality "1"]

1. d4 Nf6 2. c4 g6 3. Nf3 Bg7 4. g3 d6 5. Bg2 0-0 6. 0-0 c6 7. Nc3 Nbd7 8. e4 c5 9. h3 a6 10. Re1 e5 11. dxe5 Nxe5 12. Nxe5 dxe5 13. Be3 Qe7 14. Nd5 Nxd5 15. exd5 Rd8 16. Qd2 b6 17. Rad1 Bb7 18. Kh2 Qd6 19. f4 f5 20. fxe5 Bxe5 21. Bf4 Bxf4 22. Qxf4 Qxf4 23. gxf4 Re8 24. Re5 Rad8 25. Rde1 Kf7 26. Kg3 b5 27. b3 h6 28. h4 h5 29. Bf1 b4 30. Bg2 a5 31. R1e2 Ba8 32. Bf3 Bb7 33. d6 Rxe5 34. fxe5 Bxf3 35. Kxf3 Ke6 36. Kf4 Rf8 37. Rd2 Rf7 38. Rd5 g5+ 39. hxg5 h4 40. g6 Rf8 41. d7 Rd8 42. g7 Kf7 43. e6+ Ke7 44. Rxf5 1-0

[Event "Liberec Region-chT 2223"]
[Site "Czech Republic"]
[Date "2023.01.29"]
[Round "7.5"]
[White "Karaszewski, Gabriel"]
[Black "Sivak, Lukas"]
[Result "1/2-1/2"]
[WhiteElo "1670"]
[BlackElo "1775"]
[PlyCount "118"]
[EventDate "2022.10.09"]
[EventType "team-tourn"]
[EventRounds "11"]
[EventCountry "CZE"]
[SourceTitle "EXT 2024"]
[Source "ChessBase"]
[SourceDate "2023.10.10"]
[SourceVersion "1"]
[SourceVersionDate "2023.10.10"]
[SourceQuality "1"]

1. d4 Nf6 2. c4 e6 3. Nc3 b6 4. Nf3 Bb7 5. Qc2 Bb4 6. Bd2 0-0 7. e3 d6 8. Bd3 c5 9. Ne4 Bxd2+ 10. Nfxd2 Nbd7 11. 0-0 Qc7 12. Rfd1 Rac8 13. Rac1 Rfd8 14. Nf3 Qb8 15. dxc5 dxc5 16. Nd6 Bxf3 17. gxf3 Rc6 18. Ne4 h6 19. Kh1 Rcc8 20. Rg1 Nxe4 21. Bxe4 f5 22. Qc3 Qe5 23. Bb1 Qxc3 24. Rxc3 Ne5 25. f4 Nf3 26. Rgc1 Rd2 27. Kg2 Nh4+ 28. Kg3 Ng6 29. R3c2 Rcd8 30. Rxd2 Rxd2 31. b3 Ne7 32. Rc3 Nc6 33. Rd3 Rb2 34. Rd6 Nb4 35. Rd1 Nxa2 36. Bxa2 Rxa2 37. Rd3 Kf7 38. Rd7+ Kf6 39. Kf3 Ra3 40. Rb7 Rxb3 41. Rxa7 Rb4 42. Rb7 g5 43. fxg5+ hxg5 44. h3 Ke5 45. Ke2 Kf6 46. Kf3 e5 47. Rh7 e4+ 48. Ke2 f4 49. exf4 gxf4 50. Rh5 Rb2+ 51. Ke1 f3 52. h4 Rb1+ 53. Kd2 Rf1 54. Ke3 Re1+ 55. Kf4 Re2 56. Rh6+ Kg7 57. Rxb6 Rxf2 58. Kxe4 Rc2 59. Kxf3 Rxc4 1/2-1/2

[Event "POL-ch U10"]
[Site "Jastrzebia Gora"]
[Date "2021.??.??"]
[Round "4"]
[White "Pekala, Dawid"]
[Black "Karaszewski, Gabriel"]
[Result "1-0"]
[WhiteElo "1244"]
[BlackElo "1527"]
[PlyCount "95"]
[EventDate "2021.02.28"]
[EventType "swiss"]
[EventRounds "9"]
[EventCountry "POL"]
[SourceTitle "EXT 2022"]
[Source "ChessBase"]
[SourceDate "2021.10.06"]
[SourceVersion "1"]
[SourceVersionDate "2021.10.06"]
[SourceQuality "1"]

1. e4 c5 2. Nf3 Nc6 3. d4 cxd4 4. Nxd4 Nf6 5. Nc3 d6 6. Bg5 Qb6 7. Nb3 e6 8. Qd2 Be7 9. Be3 Qc7 10. 0-0-0 0-0 11. f3 Rd8 12. Qf2 b6 13. g4 Bb7 14. g5 Ne8 15. h4 Ne5 16. Kb1 Nc4 17. Bxc4 Qxc4 18. Rh3 Rac8 19. Qd2 d5 20. e5 Bb4 21. Bd4 Nc7 22. Qf2 Bxc3 23. Bxc3 Nb5 24. Bd4 Ba6 25. f4 Rc7 26. h5 Rdc8 27. c3 Nxd4 28. Nxd4 b5 29. a3 Bb7 30. g6 a5 31. Qe2 Qxe2 32. Nxe2 Rc4 33. gxf7+ Kxf7 34. Rg3 Re4 35. Rg2 Ba6 36. Rd2 b4 37. axb4 axb4 38. cxb4 Bxe2 39. Rdxe2 Rxf4 40. Ref2 Rcc4 41. Rc2 g6 42. hxg6+ hxg6 43. b5 Rf5 44. b6 Rb4 45. Rc7+ Ke8 46. Rxg6 Rxb6 47. Rg8+ Rf8 48. Rc8+ 1-0

[Event "POL-ch U10"]
[Site "Jastrzebia Gora"]
[Date "2021.??.??"]
[Round "2"]
[White "Skrzypiec, Franciszek"]
[Black "Karaszewski, Gabriel"]
[Result "1/2-1/2"]
[WhiteElo "1193"]
[BlackElo "1527"]
[PlyCount "78"]
[EventDate "2021.02.28"]
[EventType "swiss"]
[EventRounds "9"]
[EventCountry "POL"]
[SourceTitle "EXT 2022"]
[Source "ChessBase"]
[SourceDate "2021.10.06"]
[SourceVersion "1"]
[SourceVersionDate "2021.10.06"]
[SourceQuality "1"]

1. d4 d5 2. c4 e6 3. Nc3 Be7 4. Nf3 Nf6 5. Bg5 0-0 6. e3 h6 7. Bxf6 Bxf6 8. Qc2 c6 9. cxd5 exd5 10. Bd3 Bg4 11. Nd2 Re8 12. 0-0 Nd7 13. h3 Be6 14. Nb3 Rc8 15. Na4 Be7 16. f4 Nb6 17. Nac5 Bxc5 18. Nxc5 Qe7 19. Rf3 Rc7 20. Raf1 Qf6 21. Qf2 Rce7 22. f5 Bc8 23. g4 Nc4 24. Bxc4 dxc4 25. Qg3 b6 26. Na4 c5 27. Nc3 Bb7 28. d5 Qe5 29. Qxe5 Rxe5 30. e4 f6 31. Rf4 a6 32. Kg2 Kf7 33. Kf3 b5 34. a4 b4 35. Nd1 a5 36. Ne3 Ba6 37. Rc1 Ke7 38. Nxc4 Bxc4 39. Rxc4 Kd6 1/2-1/2

[Event "POL-chT U20 2nd League"]
[Site "Sypniewo"]
[Date "2020.??.??"]
[Round "6.22"]
[White "Rozek, Michal"]
[Black "Karaszewski, Gabriel"]
[Result "1/2-1/2"]
[WhiteElo "1442"]
[BlackElo "1614"]
[PlyCount "73"]
[EventDate "2020.10.23"]
[EventType "team-swiss"]
[EventRounds "9"]
[EventCountry "POL"]
[SourceTitle "CBM 199 Extra"]
[Source "ChessBase"]
[SourceDate "2021.01.31"]
[SourceVersion "1"]
[SourceVersionDate "2021.01.31"]
[SourceQuality "1"]

1. e4 c5 2. Nf3 Nc6 3. Bb5 e6 4. 0-0 Nge7 5. Nc3 a6 6. Bxc6 Nxc6 7. d4 cxd4 8. Nxd4 Be7 9. Nxc6 bxc6 10. e5 0-0 11. Ne4 f6 12. Bf4 fxe5 13. Bxe5 d5 14. Qg4 Rf7 15. Rad1 Qf8 16. Ng5 Rf5 17. f4 Bxg5 18. fxg5 Qc5+ 19. Bd4 Qxc2 20. Rc1 Qa4 21. Rxf5 exf5 22. Qf4 c5 23. Rxc5 Be6 24. b3 Qe8 25. Qe5 Qg6 26. Rxd5 Re8 27. Rd6 f4 28. Bc3 Qb1+ 29. Kf2 Qc2+ 30. Rd2 Qg6 31. Re2 Qf7 32. Qd4 Qc7 33. Re4 Rd8 34. Qe5 Qxe5 35. Rxe5 Bf7 36. Re4 Rc8 37. Bd2 1/2-1/2